000 00573nam a2200217 a 4500
001 11069
003 CO-ViMGA
008 141112s2004 ck r 000 u spa d
020 _a8424910079
040 _aCO-ViMGA
_bspa
_cCO-ViMGA
082 0 4 _a185.1 E74a4
100 1 _aAristoteles,
_915311
245 1 0 _aética nicomaquea
250 _a1
260 _aMadrid,
_cEditorial Gredos,
_c1995
300 _a562 p.
490 _aBiblioteca clasica gredos
650 1 4 _aética
_915312
650 1 4 _aFILOSOFIA - ENSAYOS - CONFERENCIAS - 384 - 322
_915313
942 _2ddc
_cBK
999 _c22284
_d22284